000 00775nam a2200265Ia 4500
003 OSt
005 20220927105626.0
006 a|||||r|||| 00| 0
007 ta
008 220926b |||||||| |||| 00| 0 eng d
020 _a9789211011562
024 _a196516
037 _cReference Collections
040 _aRTL
_cRTL
_beng
041 _2eng
_aeng
082 _a"m1N45,P06, P8.9;3/UN"
110 _aUNITED NATIONS
245 0 _aUnited Nations documents index.
260 _aNew
_b"York, United Nations, "
_c2008
300 _a"xxix, 741p"
_ccm.
490 _v01494076: 2006- Vol. 9 No.3 Part 1- Documents and publications
700 _aUNITED NATIONS
942 _h"m1N45,P06, P8.9;3/UN"
_cCC
999 _c693483
_d693483